| 000 | 00369nam a22001337a 4500 | ||
|---|---|---|---|
| 008 | 230620b xxu||||| |||| 00| 0 eng d | ||
| 082 |
_a323 _bUNI |
||
| 110 | _bUN | ||
| 245 | _aStudy on the rights of persons belonging to Ethnic, Religious and Linguistic Minorities | ||
| 260 |
_aNew york _bUN _c1991 |
||
| 300 | _a114p | ||
| 440 |
_vvolume 2 _x02552353 |
||
| 942 |
_2ddc _cBK |
||
| 999 |
_c1837 _d1837 |
||